LEADER 02193nam0 22004333i 450 001 SBL0304289 005 20231121125820.0 020 $aIT$b826645 100 $a20050119d1980 ||||0itac50 ba 101 | $afre$aita$ager 102 $ait 181 1$6z01$ai $bxxxe 182 1$6z01$an 200 1 $aActes du deuxième Symposium international de thracologie$eRome, 12-15 novembre 1979$forganisé par la Fondation europeenne Dragan 210 $aMilan$cFondation europeenne Dragan$d1980 215 $a222 p.$cill.$d24 cm. 606 $aLingua trace$xAtti di congressi$2FIR$3RMLC470829$9N 606 $aLingua daca$xAtti di congressi$2FIR$3RMLC470830$9N 606 $aCiviltà trace$xAtti di congressi$2FIR$3RMLC470831$9N 606 $aCiviltà daca$xAtti di congressi$2FIR$3RMLC470832$9N 606 $aCongressi$xRoma$x1979$2FIR$3MILC012876$9N 676 $a491.993$9Lingue illiriche e lingue tracofrige. (Include il frigio, il ligure, il messapico, il tracio)$v22 676 $a491.998$9Lingue indoeuropee. Lingue anatoliche. Ittita.$v22 676 $a938.1$9Storia dell'antica Grecia, fino al 323. Macedonia.$v22 676 $a939.88$9Altre parti del mondo antico, fino al 640 ca. Europa sudorientale. Dacia.$v22 710 12$aSymposium international del thracologie$d <2.$f ; 1979$e ; Roma>$3RAVV038213$4070$01447233 712 02$aFondazione europea Dragan$3CFIV022532 791 02$aDragan European foundation$3CFIV022533$zFondazione europea Dragan 791 02$aFundayie Dr?gan$3CFIV047319$zFondazione europea Dragan 791 02$aFondation européenne Dragan$3MILV260295$zFondazione europea Dragan 801 3$aIT$bIT-01$c20050119 850 $aIT-RM0418 $aIT-FR0017 899 $aBIBLIOTECA ACCADEMIA NAZ. DEI LINCEI E CORSINIANA$bRM0418 899 $aBiblioteca umanistica Giorgio Aprea$bFR0017 $eN 912 $aSBL0304289 950 0$aBiblioteca umanistica Giorgio Aprea$d 52DLM E /151.2 /$e 52DUP0009058795 VMB RS $fA $h20220412$i20220412 977 $a 10$a 52 996 $aActes du deuxième Symposium international de thracologie$93636250 997 $aUNICAS LEADER 01866nam0 22003491i 450 001 UON00035693 005 20231205102121.779 010 $a37-00-12749-9 100 $a20020107d1998 |0itac50 ba 101 $aeng 102 $aAT 105 $a|||| 1|||| 200 1 $aˆThe ‰Inner Asian International Style, 12th-14th centuries$ePapers presented at a Panel of the 7th Seminar of the International Association for Tibetan Studies Graz 1995$fedited by Deborah E. Klimburg-Salter and Eva Allinger 210 $aWien$cOsterreichischen Akademie der Wissenschaften$d1998 215 $a169 p.$cill.$d28 cm 312 $a7$9UON00369935 316 $aFatt. 36714 21.10.98$5IT-UONSI TIBGENE I/004 (7) 410 1$1001UON00001130$12001 $aBeitrage zur Kultur- und Geistesgeschichte Asiens$fOsterreichische Akademie der Wissenschaften$v25 410 1$1001UON00027194$12001 $aÖsterreichische Akademie der Wissenschaften. Philosophisch-Historische Klasse. Denkschriften$v267 500 0$3UON00369935$aSeminar of the International Association for Tibetan Studies <7. 1995. Graz>$958020 606 $aTibetologia$xCongressi$3UONC003233$2FI 620 $aAT$dWien$3UONL003140 686 $aTIB GEN E I$cTIBET - CONGRESSI - GENERALIA$2A 702 1$aALLINGER$bEva$3UONV023952 702 1$aKLIMBURG-SALTER$bDeborah E.$3UONV004014 712 $aÖsterreichische Akademie der Wissenschaften$3UONV248181$4650 801 $aIT$bSOL$c20260403$gRICA 899 $aSIBA - SISTEMA BIBLIOTECARIO DI ATENEO E ARCHIVIO STORICO$2UONSI 912 $aUON00035693 950 $aSIBA - SISTEMA BIBLIOTECARIO DI ATENEO E ARCHIVIO STORICO$dSI TIB GEN E I 004 (7) $eSI SA 89218 7 004 (7) Fatt. 36714 21.10.98 996 $aSeminar of the International Association for Tibetan Studies$958020 997 $aUNIOR